Datum a čas kvízu
24.5
Celkem bodů
Celkový počet nahraných bodů na tomto kvízu bez doplňovacích otázek.
7.
Pořadí na kvízu
Konečné umístění týmu na tomto kvízu.
Zaznamenané odpovědi
| # | Otázka | Odpověď | Body | Výsledky |
|---|---|---|---|---|
| 1. | Minulý týden ve čtvrtek dorazi... | FBI | 0 | |
| 2. | Letadlo ruského ministra zahra... | v Brazílii | 1 | |
| 3. | Letošní vyhlášení tuzemských k... | Muriel | 0 | |
| 4. | Španělská policie zatkla na ji... | s viagrou (lékem na potenci) | 1 | |
| 5. | Jeden teprve osmnáctiletý česk... | Jakub Menšík, Katar | 1 | |
| 6. | Součástí televizního programu... | Hodina pravdy | 0 | |
| 7. | Která veřejně známá osobnost z... | Ladislav Zibura | 0 | |
| 8. | Napište název televizní soutěž... | Kufr | 1 | |
| 9. | V dnešní době je velmi populár... | 1B 2D 3C 4A | 1 | |
| 10. | Kdo z uvedených nikdy nemodero... | D | 1 |